000 01028nam a2200313Ia 4500
003 OSt
005 20221007123739.0
006 a|||||r|||| 00| 0
007 ta
008 221006b |||||||| |||| 00| 0 eng d
020 _a8173193754 (hbd)
024 _a10558
037 _bI K,
_cTextual
040 _aCDL
_cCDL
_beng
041 _2eng
_aeng
082 _aE:88, P2
100 _aViswanathan B Ed
_9717743
245 0 _aCatalysis: Principles and applications
_b Sivasanker S Ed Ramaswamy A V Ed
260 _aNew
_bDelhi Narosa Pub. House
_c2002
300 _ax, 412p
_ccm.
500 _aIncludes bibliographical references; Index 409-412p; ^n23/CSL/CARC/2002-2003/488^d2002-11-21^mPurchase
650 _a Analytical chemistry
650 _a Catalysis
_9717744
650 _aChemistry
700 _a Ramaswamy A V Ed
_9717745
700 _a Sivasanker S Ed
_9717746
942 _hE:88, P2
_cTEXL
_2CC
999 _c1212422
_d1212422